| 000 | 00493nmm a2200169Ia 4500 | ||
|---|---|---|---|
| 008 | 251105s9999||||xx |||||||||||||||||und|| | ||
| 020 | _a0916379701 | ||
| 041 | _aeng | ||
| 100 | _aFendt, Gene | ||
| 245 | 0 | _aWorks of love? : reflections on "Works of love" | |
| 264 |
_a[Washington, Estados Unidos] : _bScripta Humanistica, _c1990 |
||
| 300 | _a67 páginas | ||
| 490 | _aPhilosophy | ||
| 650 | _aPhilosophy, Ethics | ||
| 856 | _uhttps://public.digitaliapublishing.com/a/300 | ||
| 942 | _cCF | ||
| 999 |
_c72949 _d72949 |
||